| 000 -LEADER |
| fixed length control field |
00575cam a22001697a 4500 |
| 008 - FIXED-LENGTH DATA ELEMENTS--GENERAL INFORMATION |
| fixed length control field |
180718b1978 xxu||||| |||| 00| 0 eng d |
| 082 ## - DEWEY DECIMAL CLASSIFICATION NUMBER |
| Classification number |
B31 Sh23d |
| 245 ## - TITLE STATEMENT |
| Title |
Dynamics of development: an international perspective |
| Statement of responsibility, etc. |
edited by Sudesh Kumar Sharma |
| 260 ## - PUBLICATION, DISTRIBUTION, ETC. |
| Place of publication, distribution, etc. |
Delhi |
| Name of publisher, distributor, etc. |
Concept |
| Date of publication, distribution, etc. |
1978 |
| 300 ## - PHYSICAL DESCRIPTION |
| Extent |
2 vols. |
| 500 ## - GENERAL NOTE |
| General note |
Contents: v.1.; v.2. Essays in honour of Dr. J.N. Khosla |
| 650 ## - SUBJECT ADDED ENTRY--TOPICAL TERM |
| Topical term or geographic name entry element |
Developing countries --Economic conditions. |
| 650 ## - SUBJECT ADDED ENTRY--TOPICAL TERM |
| Topical term or geographic name entry element |
Social policy |
| 650 ## - SUBJECT ADDED ENTRY--TOPICAL TERM |
| Topical term or geographic name entry element |
Economic development |
| 650 ## - SUBJECT ADDED ENTRY--TOPICAL TERM |
| Topical term or geographic name entry element |
Khosla, Jagan Nath, 1906 |
| 700 ## - ADDED ENTRY--PERSONAL NAME |
| Personal name |
Sharma, Sudesh Kumar |